Every European Country's Current Top Goalscorer - Statistics

General Stats
  • This quiz has been taken 19 times
  • The average score is 15 of 54
Answer Stats
Country Goals Scored Player % Correct
Portugal 143 Cristiano Ronaldo
87%
Norway 55 Erling Haaland
80%
England 78 Harry Kane
80%
Bosnia and Herzegovina 72 Edin Džeko
73%
France 55 Kylian Mbappe
73%
Poland 88 Robert Lewandowski
73%
Belgium 89 Romelu Lukaku
73%
Spain 37 Álvaro Morata
53%
Hungary 17 Dominik Szoboszlai
53%
Netherlands 55 Memphis Depay
53%
Slovenia 16 Benjamin Šeško
47%
Denmark 46 Christian Eriksen
47%
Croatia 38 Ivan Perišić
47%
Austria 47 Marko Arnautović
47%
Serbia 63 Aleksandar Mitrović
40%
Italy 11 Mateo Retegui/Giacomo Raspadori/Moise Kean
40%
Czech Republic 24 Patrik Schick
40%
Switzerland 22 Breel Embolo
33%
Sweden 21 Emil Forsberg
33%
Germany 25 Serge Gnabry
33%
Montenegro 37 Stevan Jovetić
33%
Ukraine 46 Andriy Yarmolenko
27%
Georgia 21 Georges Mikautadze
27%
Iceland 27 Gylfi Sigurðsson
27%
Turkey 22 Hakan Çalhanoğlu
27%
Finland 18 Joel Pohjanpalo
27%
Wales 21 Aaron Ramsey
20%
Scotland 20 John McGinn
20%
Romania 15 Nicolae Stanciu
20%
Ireland 10 Troy Parrott/Robbie Brady
20%
Kosovo 32 Vedat Muriqi
20%
Greece 19 Anastasios Bakasetas
13%
Moldova 18 Ion Nicolaescu
13%
Albania 11 Rey Manaj
13%
Russia 10 Aleksei Miranchuk
7%
Luxembourg 14 Danel Sinani
7%
Armenia 11 Eduard Spertsyan
7%
Faroe Islands 10 Klæmint Olsen
7%
Gibraltar 8 Liam Walker
7%
San Marino 4 Nicola Nanni
7%
Slovakia 16 Róbert Mak
7%
Andorra 5 Albert Rosas/Cristian Martínez/Marc Vales/Marc Pujol
0%
Kazakhstan 15 Bakhtiyar Zaynutdinov
0%
Israel 9 Dor Peretz
0%
Azerbaijan 15 Emin Mahmudov
0%
Lithuania 15 Fedor Černych
0%
Estonia 23 Henri Anier
0%
Northern Ireland 12 Josh Magennis
0%
Malta 7 Jurgen Degabriele
0%
Bulgaria 15 Kiril Despodov
0%
Liechtenstein 7 Nicolas Hasler
0%
Cyprus 12 Pieros Sotiriou
0%
Belarus 7 Vitaly Lisakovich/Pavel Savitsky
0%
Latvia 12 Vladislavs Gutkovskis/Jānis Ikaunieks
0%
No matching quizzes found
Score Distribution
Percent of People with Each Score
Percentile by Number Answered
Your Score History
You have not taken this quiz